Diritto privato romano.

Guardat en:
Dades bibliogràfiques
Autor principal: Guarino, Antonio 1914-2014 (autore)
Format: Llibre
Idioma:anglès
Publicat: Napoli, Italia: Dott. Eugenio Jovene, 1970.
Edició:Quarta edizione riveduta.
Matèries:
Etiquetes: Afegir etiqueta
Sense etiquetes, Sigues el primer a etiquetar aquest registre!

MARC

LEADER 00000nam a22000007a 4500
003 CL-VaPUC
005 20220822114905.0
008 220812t1970 ||||| |||| 00| 0 eng d
999 |c 438305  |d 438303 
040 |c Pontificia Universidad Católica de Valparaíso 
082 |2 22  |a 340.54 GUA 1970 
100 |9 873750  |a Guarino, Antonio   |d 1914-2014  |e autore 
245 |a Diritto privato romano.  
250 |a Quarta edizione riveduta.  
260 |a Napoli, Italia:   |b Dott. Eugenio Jovene,   |c 1970. 
300 |a XV, 1151 páginas.  
500 |a c.1 Donación Familia Prof. Alejandro Guzmán Brito. 
583 |c 20220812  |k Yessy Sthefany Diaz Vidal 
650 0 |9 255930  |a Derecho romano 
650 0 |9 258243  |a Derecho privado  |z Roma  
942 |2 ddc  |c BK  |n 0 
952 |0 0  |1 0  |2 ddc  |4 0  |6 340_540000000000000_GUA_1970  |7 1  |8 C_AGB  |9 586196  |a BIBDER  |b BIBDER  |d 2022-08-12  |e Donación   |i 5654126  |o 340.54 GUA 1970  |p 5654126  |r 2023-01-25  |t 1  |w 2022-08-12  |y BK_US  |k AGB